Statistiques concernant Cyclisme: Top 30 du Tour des Flandres 2022

Cliquez ici pour prendre le quiz!

Statistiques générales

  • Ce quiz a été pris 230 fois
  • Le résultat moyen est 13 sur 30

Statistiques - réponses

PosEquipeCoureur% Correct
1erAlpecin-FenixMathieu van der Poel
99%
4èmeUAE Team EmiratesTadej Pogacar
95%
3èmeGroupama-FDJValentin Madouas
89%
2èmeINEOS GrenadiersDylan Van Baarle
84%
5èmeGroupama-FDJStefan Küng
83%
9èmeJumbo-VismaChristophe Laporte
73%
21èmeBahrain VictoriousMatej Mohoric
66%
8èmeTrek-SegafredoMads Pedersen
63%
14èmeINEOS GrenadiersTom Pidcock
60%
10èmeIntermarché-Wanty-GobertAlexander Kristoff
55%
23èmeQuick-Step Alpha Vinyl TeamKasper Asgreen
54%
11èmeTeam BikeExchange-JaycoMichael Matthews
53%
15èmeAG2R Citroën TeamGreg Van Avermaet
52%
6èmeBahrain VictoriousDylan Teuns
51%
13èmeJumbo-VismaTiesj Benoot
51%
30èmeQuick-Step Alpha Vinyl Team
Yves Lampaert
44%
7èmeBahrain VictoriousFred Wright
38%
22èmeMovistar TeamIván García Cortina
31%
17èmeTeam Arkéa-SamsicMatis Louvel
31%
18èmeTeam DSMJohn Degenkolb
27%
12èmeBahrain VictoriousJan Tratnik
21%
19èmeJumbo-VismaMike Teunissen
20%
25èmeB&B Hotels-KTMLuca Mozzato
17%
29èmeTotalEnergiesNiki Terpstra
16%
20èmeMovistar TeamAlex Aranburu
11%
16èmeBORA-hansgroheDanny van Poppel
11%
24èmeTeam Arkéa-SamsicAmaury Capiot
10%
28èmeUno-X Pro Cycling TeamAnders Skaarseth
7%
27èmeIntermarché-Wanty-GobertAimé De Gendt
6%
26èmeBahrain VictoriousJasha Sütterlin
5%

Distribution des résultats

Percentile par nombre de réponses

% des personnes avec chaque résultat

Votre développement - résultats

Vous n’avez pas pris ce quiz